00849 a2200229 4500003000500000005001700005010001700022020001500039040000900054082001200063100002100075245008000096260006100176300003500237500017000272650003100442650004400473650002400517650003100541650002900572700001800601NUST20221206133445.0 a 78027597  a0470266422 cNust00a156,HAR1 aHarlow, Harry F.14aThe human model :bprimate perspectives /cHarry F. Harlow and Clara Mears. aWashington :bV. H. Winston ;aNew York :bWiley,c1979. aviii, 312 p. :bill. ;c24 cm. aPart-1: The Legened of Learning (Page-13), Part-2: The Meaning of Motives (Page-77), Part-3: The Loves of Life (Page-161), Part-4: The Price of Pathology (Page-217). 0aEthologyxCollected works. 0aModels, PsychologicalxCollected works. 0aPrimatesxBehavior. 0aPrimatesxCollected works. 0aPsychology, Comparative.1 aMears, Clara,